| 000 | 00694nam a2200229Ia 4500 | ||
|---|---|---|---|
| 999 |
_c7249 _d7249 |
||
| 001 | 16701417 | ||
| 003 | OCoLC | ||
| 005 | 20190131152416.0 | ||
| 008 | 870916s1979 mnua 001 0 eng d | ||
| 020 | _a0446970859 (pbk.) | ||
| 040 |
_aSPL _cSPL _dTOL _dUtOrBLW |
||
| 082 |
_a640 _bP655M |
||
| 100 | 1 | _aPinkham, Mary Ellen | |
| 245 | 1 | 0 |
_aMary Ellen's Best of helpful hints / _cby Mary Ellen Pinkham and Pearl Higginbotham, illustrations by LynnJohnston |
| 250 | _aRev. ed | ||
| 260 |
_aMinneapolis, MN : _bMary Ellen Enterprises, _cc1979 |
||
| 300 |
_a125 p. : _bill. ; _c22 cm |
||
| 500 | _aIncludes index | ||
| 650 | 0 | _aHome economics | |
| 740 | 0 | _aBest of helpful hints | |
| 942 |
_2ddc _cBK |
||